| 000 | 00699cam a2200205 4500 | ||
|---|---|---|---|
| 001 | WB3615-26 | ||
| 008 | 000000n2000 000 0 eng u | ||
| 035 | _a(Sirsi) u105361 | ||
| 245 | _aPlanning inspectorate unveils web site | ||
| 260 | _c2000 | ||
| 490 |
_aDETR News Release _v(307) 12 April 2000 (1) |
||
| 520 | _aGuidance on making planning appeals is available on-line from the Planning Inspectorate's redesigned website at: http://www.planning-inspectorate.gov.uk | ||
| 590 | _aWB | ||
| 650 | _aPLANNING INSPECTORATE | ||
| 650 | _aPLANNING APPEALS | ||
| 650 | _aGUIDANCE | ||
| 650 | _aWEBSITE | ||
| 690 | _aENVIRONMENTAL AND LAND CONSULTANCY-PLANNING AND DEVELOPMENT | ||
| 942 | _n0 | ||
| 999 |
_c63160 _d63160 |
||